000
00257nam a22000857a 4500
008
160708b xxu||||| |||| 00| 0 eng d
100
_9
2456
_a
Kingsbury, R.C., et al
245
_a
An Atlas of Middle Eastern Affairs
260
_a
New York
_b
Frederick A.Pracger
_c
1968
999
_c
2127
_d
2127